000 00823nam a2200241Ia 4500
003 OSt
005 20220923222011.0
006 a|||||r|||| 00| 0
007 ta
008 220922b |||||||| |||| 00| 0 hin d
024 _a201,580
037 _cTextual
040 _aARTS
_cARTS
_bhin
041 _2hin
_ahin
082 _aV2-3:3(A).N1, 152N8;3
100 _aदीपक कुमार
245 0 _aविज्ञान और भारत में अंग्रेजी राज
246 _aVijnyān aur bhārat mean aangrejī rāja
260 _aनई दिल्ली
_b ग्रंथ शिल्पी प्रका0
_c1998
300 _a211 290पृ.
_ccm.
942 _hV2-3:3(A).N1, 152N8;3
_cTEXL
_2CC
999 _c353233
_d353233